| 000 | 00716nam a2200229 a 4500 | ||
|---|---|---|---|
| 003 | OSt | ||
| 005 | 20151117093339.0 | ||
| 008 | 020226s1985 esp 0011 spa d | ||
| 020 | _a84-320-38-37-7 | ||
| 040 | _cBMC | ||
| 082 | _a891.7 | ||
| 100 | 1 |
_aGogol, Nicolás _9122 _d1809-1852 |
|
| 245 | 1 | 0 |
_aAlmas muertas _cNikolai V. Gogol; introducción, José María Valverde; traducción y notas, José Laín Entralgo |
| 250 | _a2ª ed | ||
| 260 |
_aBarcelona _bPlaneta _c1985 |
||
| 300 |
_aXXII, 398 p. _c18 cm |
||
| 490 |
_aClásicos Universales Planeta _v7 |
||
| 650 | 2 | 4 |
_929314 _aNovela rusa |
| 700 | 1 |
_928382 _aValverde, José María _d1926-1996 |
|
| 700 | 1 |
_926028 _aLaín Entralgo, José |
|
| 942 |
_2ddc _cBK |
||
| 999 |
_c23558 _d23558 |
||